Languages of the Netherlands Quiz (with map) - Statistics

General Stats
  • This quiz has been taken 1,970 times
  • The average score is 5 of 7
Answers on the Map
Answers color-coded by a green-red scale on the quiz's map according to % correct below.
 
Answer Stats
Answer % Correct
Flemish
99%
Dutch
98%
Frisian
80%
Schiermonnikoogs
80%
Limburgish
63%
Dutch Low Saxon
29%
Ripuarian
17%
No matching quizzes found
Score Distribution
Percent of People with Each Score
Percentile by Number Answered
Your Score History
You have not taken this quiz